Violencia familiar, trabajo social e instituciones.
Gespeichert in:
| 1. Verfasser: | |
|---|---|
| Format: | Buch |
| Sprache: | Spanisch |
| Veröffentlicht: |
Buenos Aires, Argentina
Paidós
2001
|
| Schriftenreihe: | Colección Tramas Sociales.
11 |
| Schlagworte: | |
| Tags: |
Tag hinzufügen
Keine Tags, Fügen Sie den ersten Tag hinzu!
|
MARC
| LEADER | 00000nam a2200000 a 4500 | ||
|---|---|---|---|
| 001 | UCM4009 | ||
| 003 | CL-VaPUC | ||
| 005 | 20220421074149.0 | ||
| 008 | 020726e20010000AG |||||||||||||||||spa|d | ||
| 999 | |c 300924 |d 300922 | ||
| 020 | |a 950124511X | ||
| 040 | |c Pontificia Universidad Católica de Valparaíso | ||
| 082 | 0 | 4 | |a 362.8292 TEU 2001 |2 21 |
| 100 | 0 | |a Teubal, Ruth |9 470497 | |
| 245 | 1 | 0 | |a Violencia familiar, trabajo social e instituciones. |
| 260 | 0 | 3 | |a Buenos Aires, Argentina |b Paidós |c 2001 |
| 300 | |a 271 páginas | ||
| 490 | 0 | |a Colección Tramas Sociales. |v 11 | |
| 583 | |a last modification |c 20121001 01:39:36 |k Rodrigo Vera | ||
| 650 | 0 | |a Violencia intrafamiliar |9 312986 | |
| 650 | 0 | |a Problemas sociales |9 258537 | |
| 650 | 0 | |a Abuso sexual |9 475641 | |
| 650 | 0 | |a Maltrato infantil |9 324690 | |
| 650 | 0 | |a Abandono de menores |9 368477 | |
| 650 | 7 | |a MALTRATO DE ANCIANOS |2 CL-VaPUC |9 470499 | |
| 942 | |c BK |2 ddc | ||
| 945 | |d 20020726 00:00:00 |a vberengu | ||
| 952 | |0 0 |1 0 |2 ddc |4 0 |6 362_829200000000000_TEU_2001 |7 0 |8 A |9 359335 |a BIBGIM |b BIBGIM |d 2019-11-21 |i 3831590 |o 362.8292 TEU 2001 |p 3831590 |r 2025-01-15 |t 2 |w 2019-11-21 |y BK |k SSL | ||
| 952 | |0 0 |1 0 |2 ddc |4 0 |6 362_829200000000000_TEU_2001 |7 0 |8 A |9 359336 |a BIBEDU |b BIBEDU |d 2019-11-21 |i 3954587 |o 362.8292 TEU 2001 |p 3954587 |r 2019-11-21 |t 1 |w 2019-11-21 |y BK |k PSI | ||
| 952 | |0 0 |1 0 |2 ddc |4 0 |6 362_829200000000000_TEU_2001 |7 0 |8 A |9 359337 |a BIBEDU |b BIBEDU |d 2019-11-21 |i 4303903 |o 362.8292 TEU 2001 |p 4303903 |r 2019-11-21 |t 3 |w 2019-11-21 |y BK |k EBA | ||